[Event "SWE Cup"]
[Site "Linkoping"]
[Date "2013.09.07"]
[Round "3.7"]
[White "Gajic, Mladen"]
[Black "Arnelind, Mikael"]
[Result "1/2-1/2"]
[WhiteElo "2246"]
[BlackElo "2135"]
[PlyCount "117"]
[EventDate "2013.09.06"]
[EventType "team-tourn"]
[EventRounds "7"]
[EventCountry "SWE"]
[SourceTitle "CBM 156 Extra"]
[Source "ChessBase"]
[SourceDate "2013.10.22"]
[SourceVersion "1"]
[SourceVersionDate "2013.10.22"]
[SourceQuality "1"]
[WhiteTeam "Orgryte"]
[BlackTeam "Orgryte"]
[WhiteTeamCountry "SWE"]
[BlackTeamCountry "SWE"]

1. e4 e6 2. d4 d5 3. Bd3 dxe4 4. Bxe4 Nf6 5. Bf3 c5 6. Ne2 Nc6 7. c3 cxd4 8. cxd4 Be7 9. Nbc3 0-0 10. a3 a6 11. 0-0 Qc7 12. Qc2 Bd6 13. g3 Ne7 14. Bg5 Ned5 15. Rac1 Qa5 16. Qd2 Nxc3 17. Nxc3 Qf5 18. Bg2 h6 19. Bxf6 Qxf6 20. Ne4 Qe7 21. Nxd6 Qxd6 22. Qc3 Rd8 23. Rfd1 e5 24. d5 Bg4 25. Re1 Rac8 26. Qe3 Rxc1 27. Rxc1 Rc8 28. b4 Rxc1+ 29. Qxc1 Qg6 30. h3 Be2 31. Qc8+ Kh7 32. Qxb7 Bb5 33. Qc7 Qb1+ 34. Kh2 Qf5 35. Qc5 h5 36. Qe3 g6 37. d6 Qe6 38. Qc5 Qf5 39. Bb7 Bd7 40. Bxa6 Qxh3+ 41. Kg1 h4 42. Bf1 Qf5 43. b5 hxg3 44. fxg3 Qf3 45. Qf2 Qd5 46. a4 Kg7 47. Qe3 Qxd6 48. a5 Qd5 49. Qb6 Qb3 50. Kf2 Qa2+ 51. Be2 Bg4 52. Qe3 Bxe2 53. Qxe5+ Kf8 54. Qxe2 Qxa5 55. Qc4 Qd2+ 56. Kf3 Qd1+ 57. Kf4 Qd6+ 58. Kf3 Qd1+ 59. Ke4 1/2-1/2

[Event "Lidkoping op"]
[Site "Lidkoping"]
[Date "2013.08.31"]
[Round "4"]
[White "Arnelind, Mikael"]
[Black "Berg, Emanuel"]
[Result "0-1"]
[WhiteElo "2161"]
[BlackElo "2539"]
[PlyCount "137"]
[EventDate "2013.08.31"]
[EventType "swiss"]
[EventRounds "7"]
[EventCountry "SWE"]
[SourceTitle "CBM 156 Extra"]
[Source "ChessBase"]
[SourceDate "2013.10.22"]
[SourceVersion "1"]
[SourceVersionDate "2013.10.22"]
[SourceQuality "1"]

1. d4 Nf6 2. c4 g6 3. Nc3 Bg7 4. e4 d6 5. Nf3 0-0 6. Be2 e5 7. dxe5 dxe5 8. Qxd8 Rxd8 9. Bg5 c6 10. Nxe5 Re8 11. 0-0-0 Na6 12. Rd6 Rxe5 13. Bxf6 Bxf6 14. Rxf6 Nc5 15. Rd6 Nxe4 16. Rd8+ Kg7 17. Nxe4 Rxe4 18. Bd3 Re7 19. Rd1 b6 20. c5 Bb7 21. Bc4 Rxd8 22. Rxd8 bxc5 23. Kc2 Rc7 24. Kc3 Kf6 25. Rh8 h5 26. Rf8 Bc8 27. Rd8 Bf5 28. h4 Ke7 29. Ra8 Be4 30. g3 Bd5 31. b3 Kf6 32. Bd3 Re7 33. a4 Rb7 34. Bc4 Kf5 35. Rd8 Ke4 36. Rd6 Ke5 37. Rd8 Ke4 38. Rd6 a5 39. Rd8 Rb4 40. Rd7 f5 41. Rg7 Bxc4 42. bxc4 Rxa4 43. Rxg6 Ra3+ 44. Kb2 Rf3 45. Rg5 Kd4 46. Rxh5 Kxc4 47. Rh8 Rxf2+ 48. Kb1 a4 49. h5 Kb3 50. Rb8+ Ka3 51. h6 Rh2 52. Rh8 c4 53. h7 c3 54. Kc1 c5 55. Kb1 c4 56. Kc1 Ka2 57. Kd1 a3 58. Kc1 c2 59. Rb8 Rxh7 60. Kxc2 Rh2+ 61. Kc3 Rg2 62. Kxc4 Rxg3 63. Kd4 Rf3 64. Ke5 Ka1 65. Kd4 a2 66. Ke5 Rf1 67. Rb7 Rb1 68. Ra7 Kb2 69. Ra3 0-1

[Event "Paleochora op 6th"]
[Site "Paleochora"]
[Date "2013.07.26"]
[Round "9"]
[White "Arnelind, Mikael"]
[Black "Chernukhin, Alexander"]
[Result "0-1"]
[WhiteElo "2161"]
[BlackElo "2080"]
[PlyCount "68"]
[EventDate "2013.07.19"]
[EventType "swiss"]
[EventRounds "9"]
[EventCountry "GRE"]
[SourceTitle "CBM 155 Extra"]
[Source "ChessBase"]
[SourceDate "2013.08.26"]
[SourceVersion "1"]
[SourceVersionDate "2013.08.26"]
[SourceQuality "1"]

1. d4 e6 2. e4 d5 3. e5 c5 4. c3 Qb6 5. Nf3 Nc6 6. a3 Bd7 7. b4 cxd4 8. cxd4 Rc8 9. Be3 Nh6 10. Bxh6 gxh6 11. Be2 Bg7 12. 0-0 0-0 13. Ra2 f6 14. b5 Ne7 15. exf6 Bxf6 16. a4 Nf5 17. a5 Qc7 18. Qd2 Be8 19. h3 Qg7 20. Rd1 Kh8 21. Kh1 Rg8 22. g4 h5 23. Rg1 Nxd4 24. gxh5 Nxf3 25. Rxg7 Nxd2 26. Rxg8+ Kxg8 27. Nxd2 h6 28. Kg2 Kf8 29. b6 axb6 30. Nf1 Rc5 31. Bg4 Ke7 32. Re2 Bd7 33. Ne3 Kd6 34. Rd2 Bc3 0-1